Top 91 Kendrick Lamar songs Billboard Hot 100 (October 28, 2025) - Statistics

General Stats
  • This quiz has been taken 36 times
    8 since last reset
  • The average score is 60 of 91
Answer Stats
Hint Answer % Correct
17. Black Panther All The Stars
100%
6. 1989 Bad Blood
100%
84. Black Panther Black Panther
100%
40. Mr. Morale & the Big Steppers Count Me Out
100%
12. DAMN. DNA.
100%
24. GNX Dodger Blue
100%
75. DAMN. Duckworth.
100%
9. "Single" Euphoria
100%
66. DAMN. FEAR.
100%
55. DAMN. FEEL.
100%
49. GNX Gloria
100%
13. GNX Hey Now
100%
5. DAMN. Humble.
100%
59. To Pimp a Butterfly i
100%
3. We Don't Trust You Like That
100%
26. GNX LOVE.
100%
1. GNX Luther
100%
8. Tha Carter V Mona Lisa
100%
10. Mr. Morale & the Big Steppers N95
100%
2. "Single" Not Like Us
100%
28. GNX Peekaboo
100%
19. GNX Reincarnated
100%
4. GNX Squabble Up
100%
32. "Single" The Heart Part 5
100%
7. GNX TV Off
100%
80. To Pimp a Butterfly Alright
75%
58. Renaissance America Has A Problem
75%
77. Black Panther Big Shot
75%
69. DAMN. BLOOD.
75%
63. Let God Sort Em Out Chains & Whips
75%
14. Mr. Morale & the Big Steppers Die Hard
75%
37 The Melodic Blue Family Ties
75%
25. Mr. Morale & the Big Steppers Father Time
75%
21. Long. Live. ASAP Fucking Problems
75%
71. DAMN. GOD.
75%
35. MUSIC Good Credit
75%
30. GNX Heart Pt. 6
75%
31. DAMN. Loyalty.
75%
64. DAMN. LUST.
75%
78. good kid, m.A.A.d city m.A.A.d City
75%
22. GNX Man At The Garden
75%
70. Mr. Morale & the Big Steppers Mirror
75%
73. Mr. Morale & the Big Steppers Mother I Sober
75%
18. Black Panther Pray For Me
75%
57. DAMN. Pride.
75%
42. Mr. Morale & the Big Steppers Purple Hearts
75%
29. Mr. Morale & the Big Steppers Rich Spirit
75%
44. Mr. Morale & the Big Steppers Savior
75%
50. Starboy Sidewalks
75%
89. To Pimp a Butterfly These Walls
75%
11. GNX Wacced Out Murals
75%
85. To Pimp a Butterfly Wesley's Theory
75%
39. Mr. Morale & the Big Steppers Worldwide Steppers
75%
54. DAMN. XXX.
75%
51. DAMN. Yah.
75%
23. Lana 30 for 30
50%
65. Mr. Morale & the Big Steppers Auntie Diaries
50%
46. MUSIC Backd00r
50%
52. good kid, m.A.A.d city Bitch, Don't Kill My Vibe
50%
86. Oxymoron Collard Greens
50%
61. Mr. Morale & the Big Steppers Crown
50%
15. Red Pill Blues Don't Wanna Know
50%
34. DAMN. Element.
50%
45. GNX GNX
50%
72. To Pimp a Butterfly King Kunta
50%
27. "Single" Meet The Grahams
50%
60. Mr. Morale & the Big Steppers Mr. Morale
50%
68. The Melodic Blue Range Brothers
50%
67. Mr. Morale & the Big Steppers Savior (Interlude)
50%
16. Mr. Morale & the Big Steppers Silent Hill
50%
76. To Pimp a Butterfly The Blacker The Berry
50%
20. Mr. Morale & the Big Steppers United In Grief
50%
33. Mr. Morale & the Big Steppers We Cry Together
50%
88. Victory Lap Dedication
25%
56. Lemonade Freedom
25%
47. Blurred Lines Give It 2 U
25%
81. Major Key Holy Key
25%
90. To Pimp a Butterfly Institutionalized
25%
41. Black Panther King's Dead
25%
82. Trouble Man: Heavy is the Head Memories Back Then
25%
91. Rap or Go to the League Momma I Hit A Lick
25%
62. The World Is Yours New Freezer
25%
48. good kid, m.A.A.d city Poetic Justice
25%
53. Mr. Morale & the Big Steppers Rich (Interlude)
25%
36. good kid, m.A.A.d city Swimming Pools (Drank)
25%
43. "Single" The Heart Part 4
25%
87. "Single" The Hillbillies
25%
74. The Wack Album Yolo
25%
38. This Is Acting The Greatest
0%
79. Untitled Unmastered Untitled 02 l 06.23.2014.
0%
83. Untitled Unmastered Untitled 07 l Levitate
0%
No matching quizzes found
Score Distribution
Percent of People with Each Score
Percentile by Number Answered
Your Score History
You have not taken this quiz since the last reset